书目信息 |
| 题名: |
发掘新闻
|
|
| 作者: | 舒德森 著 ;陈昌凤 , 常江 译 | |
| 分册: | ||
| 出版信息: | 北京 北京大学出版社 2009.01 |
|
| 页数: | 11,246页 | |
| 开本: | 21cm | |
| 丛书名: | 未名社科·新闻媒介与信息社会译丛 | |
| 单 册: | ||
| 中图分类: | G219.712.9 | |
| 科图分类: | ||
| 主题词: | 报纸--新闻事业史--研究--美国 , 报纸 , 新闻事业史 | |
| 电子资源: | ||
| ISBN: | 978-7-301-14603-3 | |
| 000 | 01425oam2 2200349 450 | |
| 001 | 012009027518 | |
| 005 | 20091208154518.75 | |
| 010 | @a978-7-301-14603-3@dCNY22.00 | |
| 100 | @a20090406d2009 em y0chiy0110 ea | |
| 101 | 1 | @achi@ceng |
| 102 | @aCN@b110000 | |
| 105 | @ay z 001yy | |
| 106 | @ar | |
| 200 | 1 | @a发掘新闻@9fa jue xin wen@e美国报业的社会史@dDiscovering the news@esocial history of American newspapers@f(美)迈克尔·舒德森(Michael Schudson)著@g陈昌凤,常江译@zeng |
| 210 | @a北京@c北京大学出版社@d2009.01 | |
| 215 | @a11,246页@d21cm | |
| 225 | 2 | @a未名社科·新闻媒介与信息社会译丛 |
| 300 | @a本译丛为“复旦大学国家哲学社会科学新闻传播与媒介化社会创新基地全球媒介化社会研究”项目和上海市2007届“曙光”计划项目的系列成果之一 | |
| 320 | @a有索引 | |
| 330 | @a本书从媒介社会学的视角,深入考察了美国新闻业“客观性”理念诞生和发展的历史。 | |
| 461 | 0 | @12001 @a未名社科·新闻媒介与信息社会译丛@1701 0@a曹晋@4主编 |
| 510 | 1 | @aDiscovering the news@esocial history of American newspapers@zeng |
| 517 | 1 | @a美国报业的社会史@9mei guo bao ye de she hui shi |
| 606 | 0 | @a报纸@x新闻事业史@x研究@y美国 |
| 606 | 0 | @a报纸 |
| 606 | 0 | @a新闻事业史 |
| 690 | @aG219.712.9@v4 | |
| 701 | 0 | @c(美)@a舒德森@9shu de sen@c(Schudson, Michael)@4著 |
| 702 | 0 | @a陈昌凤@9chen chang feng@4译 |
| 702 | 0 | @a常江@9chang jiang@4译 |
| 801 | 0 | @aCN@bRENTIAN@c20091208 |
| 905 | @b20794977-81@dG219.712.9@e371@f5 | |
| 发掘新闻:美国报业的社会史=Discovering the news:social history of American newspapers/(美)迈克尔·舒德森(Michael Schudson)著/陈昌凤,常江译.-北京:北京大学出版社,2009.01 |
| 11,246页;21cm.-(未名社科·新闻媒介与信息社会译丛) |
| 本译丛为“复旦大学国家哲学社会科学新闻传播与媒介化社会创新基地全球媒介化社会研究”项目和上海市2007届“曙光”计划项目的系列成果之一 |
| ISBN 978-7-301-14603-3:CNY22.00 |
| 本书从媒介社会学的视角,深入考察了美国新闻业“客观性”理念诞生和发展的历史。 |
| ● |
| 相关链接 |
|
|
|
|
正题名:发掘新闻
索取号:G219.712.9/371
 
预约/预借
| 序号 | 登录号 | 条形码 | 馆藏地/架位号 | 状态 | 备注 |
| 1 | 794977 | 207949773 | 第一样本阅览室/ [索取号:G219.712.9/371] | 在馆 | |
| 2 | 794978 | 207949782 | 第四借阅区/ [索取号:G219.712.9/371] | 在馆 | |
| 3 | 794979 | 207949791 | 第四借阅区/ [索取号:G219.712.9/371] | 在馆 | |
| 4 | 794980 | 207949808 | 第四借阅区/ [索取号:G219.712.9/371] | 在馆 | |
| 5 | 794981 | 207949817 | 密集书库-文学院/ [索取号:G219.712.9/371] | 在馆 |